| 000 | 00708nam a2200241Ia 4500 | ||
|---|---|---|---|
| 005 | 20260121112947.0 | ||
| 008 | 10182 260114s9999 xx 000 0 eng d | ||
| 020 | _a9789814529877 | ||
| 037 | _aEBOOK | ||
| 040 |
_aCRL _beng _cCRL |
||
| 041 |
_aeng _2eng |
||
| 084 | _qCRL | ||
| 100 |
_aMarshall J M Et Al _9965986 |
||
| 245 | 0 | _aFuture Directions in Thin Film, Science and Technology,Proc of the 9Th International School on Condensed Matter Phy | |
| 260 | _bWorld Scientific | ||
| 260 | _bWSPC | ||
| 260 | _c1997 | ||
| 650 |
_aPhysics _9965987 |
||
| 856 | _uhttps://www.worldscientific.com/worldscibooks/10.1142/3442#t=toc | ||
| 942 | _cEBOOK | ||
| 999 |
_c1547482 _d1547482 |
||